Godišnik 2006
Salvato in:
| Natura: | Libro |
|---|---|
| Lingua: | bulgaro |
| Pubblicazione: |
Varna
Ikonomičeski universitet
2007
|
| Soggetti: | |
| Tags: |
Nessun Tag, puoi essere il primo ad aggiungerne!!
|
MARC
| LEADER | 00000nam$a2200000$$$4500 | ||
|---|---|---|---|
| 001 | 0070759 | ||
| 005 | 20250901081750.4 | ||
| 022 | |a 0861-6752 | ||
| 041 | 0 | |a bul | |
| 044 | |a BG | ||
| 245 | 1 | 0 | |a Godišnik 2006 |
| 264 | 1 | |a Varna |b Ikonomičeski universitet |c 2007 | |
| 300 | |a 353 s. | ||
| 610 | 2 | 0 | |a veda ekonomická |
| 610 | 2 | 0 | |a manažment logistický |
| 610 | 2 | 0 | |a marketing |
| 610 | 2 | 0 | |a turistika |
| 610 | 2 | 0 | |a komunikácia |
| 610 | 2 | 0 | |a internet |
| 610 | 2 | 0 | |a tvorba cien |
| 610 | 2 | 0 | |a obchod |
| 610 | 2 | 0 | |a správa štátna |